LIBRARY & INFORMATION CENTRE, KCAET, TAVANUR

ONLINE PUBLIC ACCESS CATALOGUE (OPAC)

Machine design / (Record no. 6349)

MARC details
000 -LEADER
fixed length control field 00335cam a2200145ua 4500
020 ## - INTERNATIONAL STANDARD BOOK NUMBER
ISBN 9788185749099
082 ## - DEWEY DECIMAL CLASSIFICATION NUMBER
Classification number 621.815
Item number SHA/MA
100 ## - MAIN ENTRY--AUTHOR NAME
Personal name Sharma, P C .
245 ## - TITLE STATEMENT
Title Machine design /
250 ## - EDITION STATEMENT
Edition statement 9 /
260 ## - PUBLICATION, DISTRIBUTION, ETC. (IMPRINT)
Place of publication Delhi :
Name of publisher S K Kataria and sons ,
Year of publication 1999.
300 ## - PHYSICAL DESCRIPTION
Number of Pages 1168 ; .
700 1# - ADDED ENTRY--PERSONAL NAME
Personal name Aggarwal, D K .
942 ## - ADDED ENTRY ELEMENTS (KOHA)
Koha item type Books
Holdings
Withdrawn status Lost status Damaged status Home library Current library Date acquired Full call number Accession Number Koha item type Collection code Shelving location Source of acquisition Cost, normal purchase price
      KAUAET KAUAET 07/04/2012 621.815 20460 Books        
      KAUAET KAUAET 07/04/2012 621.815 21985 Books        
      KAUAET KAUAET 31/03/2012 621.815 SHA/MA 22936 Books Non-fiction General Stacks Cosmo Books, Calicut 385.00
free website counter